[Event "CZE-chT2C 1920"]
[Site "Czech Republic"]
[Date "2019.11.17"]
[Round "3.8"]
[White "Kaplan, Tomas"]
[Black "Smolik, Jachym"]
[Result "0-1"]
[WhiteElo "1963"]
[BlackElo "1900"]
[PlyCount "108"]
[EventDate "2019.10.13"]
[EventType "team-tourn"]
[EventRounds "11"]
[EventCountry "CZE"]
[SourceTitle "EXT 2024"]
[Source "ChessBase"]
[SourceDate "2023.10.10"]
[SourceVersion "1"]
[SourceVersionDate "2023.10.10"]
[SourceQuality "1"]
[WhiteTeam "Kolin"]
[BlackTeam "Ricany 1925"]
[WhiteTeamCountry "CZE"]
[BlackTeamCountry "CZE"]

1. e4 c5 2. Nc3 e6 3. f4 d5 4. exd5 exd5 5. Nf3 Nc6 6. Bb5 a6 7. Bxc6+ bxc6 8. 0-0 Nf6 9. Re1+ Be7 10. Qe2 Ra7 11. Ne5 Qc7 12. d3 0-0 13. Bd2 Bd6 14. Qf2 Rb7 15. Na4 c4 16. b3 cxd3 17. cxd3 Ng4 18. Nxg4 Bxg4 19. Rac1 Ba3 20. Rc2 Bf5 21. Qg3 Qd6 22. Bc1 Bb4 23. Bb2 f6 24. Rec1 Rc7 25. Nc5 Ra7 26. Bd4 Raa8 27. Na4 Rac8 28. Bc5 Bxc5+ 29. Nxc5 Ra8 30. Re2 Rfe8 31. Rxe8+ Rxe8 32. d4 Re2 33. Re1 Rxa2 34. Qe3 h6 35. Qe8+ Kh7 36. g3 Rd2 37. Qe3 Ra2 38. Qe8 Bg6 39. Qe3 Qc7 40. Ne6 Qb8 41. Nc5 Qb4 42. Ne6 Be4 43. Nc5 Rg2+ 44. Kf1 Qb5+ 45. Re2 Rxh2 46. Nxe4 Qxe2+ 47. Qxe2 Rxe2 48. Nxf6+ gxf6 49. Kxe2 a5 50. Kd3 Kg6 51. Kc3 Kf5 52. b4 axb4+ 53. Kxb4 Ke4 54. Kc5 f5 0-1

[Event "CZE-chT2C 1617"]
[Site "Czech Republic"]
[Date "2017.04.02"]
[Round "11.8"]
[White "Kaplan, Tomas"]
[Black "Mladek, Richard"]
[Result "0-1"]
[WhiteElo "1981"]
[BlackElo "2115"]
[PlyCount "48"]
[EventDate "2016.10.09"]
[EventType "team-tourn"]
[EventRounds "11"]
[EventCountry "CZE"]
[SourceTitle "EXT 2022"]
[Source "ChessBase"]
[SourceDate "2021.10.06"]
[SourceVersion "1"]
[SourceVersionDate "2021.10.06"]
[SourceQuality "1"]
[WhiteTeam "Kolin"]
[BlackTeam "Vlasim"]
[WhiteTeamCountry "CZE"]
[BlackTeamCountry "CZE"]

1. e4 c5 2. c3 g6 3. Nf3 Bg7 4. d4 cxd4 5. cxd4 d5 6. e5 Nh6 7. Bd3 Nc6 8. Be3 Nf5 9. Nc3 f6 10. exf6 Bxf6 11. Bxf5 gxf5 12. Ng5 0-0 13. Qh5 Bxg5 14. Qxg5+ Kh8 15. Qh4 Rg8 16. Bg5 Qd6 17. 0-0-0 Rg6 18. Rhe1 Be6 19. Re3 Rag8 20. Rh3 R8g7 21. Bh6 Rf7 22. Bf4 Qd7 23. Rg3 Rg4 24. Qh6 Rf6 0-1

[Event "Czechia KP-chTB 0607"]
[Site "Czech Republic"]
[Date "2007.03.18"]
[Round "10.4"]
[White "Kaplan, Tomas"]
[Black "Lazanek, Jan"]
[Result "1-0"]
[WhiteElo "2029"]
[BlackElo "1885"]
[PlyCount "78"]
[EventDate "2006.10.29"]
[EventType "team"]
[EventRounds "11"]
[EventCountry "CZE"]
[SourceTitle "EXT 2008"]
[Source "ChessBase"]
[SourceDate "2007.11.25"]
[SourceVersion "1"]
[SourceVersionDate "2007.11.25"]
[SourceQuality "1"]
[WhiteTeam "Kolin II"]
[BlackTeam "Lysa nad Labem"]
[WhiteTeamCountry "CZE"]
[BlackTeamCountry "CZE"]

1. e4 c5 2. c3 d6 3. Nf3 Nf6 4. Bb5+ Bd7 5. Bxd7+ Nbxd7 6. Qe2 e6 7. 0-0 Be7 8. d4 0-0 9. Bf4 b5 10. Bxd6 Bxd6 11. e5 Qb6 12. exd6 c4 13. a4 a6 14. Na3 Rfc8 15. Ne5 Rab8 16. axb5 axb5 17. Nc2 Qxd6 18. Ra7 Rc7 19. Rfa1 Rcb7 20. Nb4 Qc7 21. Nbc6 Nxe5 22. Rxb7 Qxb7 23. Nxb8 Nd3 24. Na6 h5 25. Nc5 Nf4 26. Nxb7 Nxe2+ 27. Kf1 Nf4 28. Nd6 Nd3 29. Rb1 Kf8 30. f3 Nd5 31. Nxb5 Ne3+ 32. Kg1 h4 33. b3 cxb3 34. Rxb3 Nf4 35. g3 hxg3 36. hxg3 Nh3+ 37. Kh2 Ng5 38. f4 Nf3+ 39. Kh1 Nf5 1-0

[Event "Czechia KP-chTB 0607"]
[Site "Czech Republic"]
[Date "2006.12.10"]
[Round "4.6"]
[White "Feierfeil, Jiri"]
[Black "Kaplan, Tomas"]
[Result "0-1"]
[WhiteElo "1991"]
[BlackElo "2057"]
[PlyCount "98"]
[EventDate "2006.10.29"]
[EventType "team"]
[EventRounds "11"]
[EventCountry "CZE"]
[SourceTitle "EXT 2008"]
[Source "ChessBase"]
[SourceDate "2007.11.25"]
[SourceVersion "1"]
[SourceVersionDate "2007.11.25"]
[SourceQuality "1"]
[WhiteTeam "Brodce"]
[BlackTeam "Kolin II"]
[WhiteTeamCountry "CZE"]
[BlackTeamCountry "CZE"]

1. Nf3 d5 2. d4 Nf6 3. Bf4 Bf5 4. e3 e6 5. Nbd2 Nbd7 6. Be2 Be7 7. Rc1 0-0 8. 0-0 c5 9. Nh4 Bg6 10. Nxg6 hxg6 11. c4 cxd4 12. exd4 Qb6 13. Nb3 dxc4 14. Bxc4 Rac8 15. Qe2 Bd6 16. Be3 Nd5 17. Bxd5 exd5 18. Rc2 Rxc2 19. Qxc2 Nf6 20. h3 Re8 21. Nd2 Nh5 22. Nf3 Ng3 23. Re1 Nf5 24. Re2 Qa6 25. a3 Bf4 26. Ne5 Bxe5 27. dxe5 Rxe5 28. g4 Nxe3 29. Rxe3 Rxe3 30. fxe3 Qe6 31. Qf2 Qe4 32. Kh2 g5 33. Kg1 a5 34. Kh2 b5 35. Kg1 b4 36. axb4 axb4 37. Qd2 Kf8 38. Kf2 Ke7 39. b3 g6 40. Qc2 Kf6 41. Qb2+ Qe5 42. Qd2 Qh2+ 43. Ke1 Qxd2+ 44. Kxd2 Ke5 45. Kd3 f6 46. Ke2 Ke4 47. Kd2 f5 48. Ke2 d4 49. exd4 Kxd4 0-1

[Event "Zlin op"]
[Site "Zlin"]
[Date "1996.??.??"]
[Round "?"]
[White "Kaplan, Tomas"]
[Black "Kubala, Martin"]
[Result "0-1"]
[WhiteElo "1895"]
[BlackElo "2230"]
[PlyCount "100"]
[EventDate "1996.??.??"]
[EventType "swiss"]
[EventRounds "9"]
[EventCountry "CZE"]
[SourceTitle "EXT 1999"]
[Source "ChessBase"]
[SourceDate "1998.11.16"]
[SourceVersion "1"]
[SourceVersionDate "1998.11.16"]
[SourceQuality "1"]

1. e4 e6 2. d4 d5 3. Nd2 c5 4. exd5 exd5 5. Ngf3 Nc6 6. Bb5 Bd6 7. 0-0 Nge7 8. dxc5 Bxc5 9. Nb3 Bd6 10. Bg5 f6 11. Be3 0-0 12. Nbd4 Ne5 13. h3 Qc7 14. c3 a6 15. Ba4 b5 16. Bc2 Bd7 17. Nh4 g6 18. Qe2 Nc4 19. Bc1 Rfe8 20. Qf3 Kg7 21. Qd3 Rad8 22. f4 Ng8 23. f5 Re4 24. Nhf3 Bf4 25. Qd1 Ne3 26. Bxe3 Rxe3 27. Re1 Rde8 28. Rxe3 Rxe3 29. fxg6 hxg6 30. Qf1 f5 31. Re1 Nf6 32. Rxe3 Bxe3+ 33. Kh1 Ne4 34. Bxe4 dxe4 35. Qe2 Bc1 36. Nh2 Qg3 37. Nf1 Qd3 38. Qf2 Bg5 39. Kh2 f4 40. a3 Qd1 41. Ne2 Qd6 42. Nd4 Bf6 43. Qd2 Bxd4 44. cxd4 e3 45. Qd1 f3+ 46. Ng3 f2 47. d5 Bf5 48. Qd4+ Kg8 49. Qd1 Bc2 50. Qe2 Bb3 0-1